Les principaux dés utilisés pour les jeux de rôle - Statistiques

Statistiques générales
  • Ce quiz a été pris 15 fois
  • Le résultat moyen est 7 sur 7
Statistiques - réponses
Principaux dés de jeu de rôle % Correct
D10
100%
D12
100%
D20
100%
D4
100%
D6
100%
D8
93%
D100
87%
Aucun quiz correspondant
Distribution des résultats
% des personnes avec chaque résultat
Percentile par nombre de réponses
Votre historique - résultats
Vous n’avez pas pris ce quiz